Concurso de proyectos sobre el entorno urbano del Congreso Nacional y renovación del sector El Almendral de Valparaíso: bases administrativas y técnicas, anexos
Guardat en:
| Autor corporatiu: | |
|---|---|
| Format: | Llibre |
| Idioma: | espanyol |
| Publicat: |
Valparaíso
MINVU
1988
|
| Matèries: | |
| Etiquetes: |
Afegir etiqueta
Sense etiquetes, Sigues el primer a etiquetar aquest registre!
|
MARC
| LEADER | 00000nam a2200000 a 4500 | ||
|---|---|---|---|
| 001 | UCI6242 | ||
| 003 | CL-VaPUC | ||
| 008 | 080425e19880000CL |||||||||||||||||spa|d | ||
| 082 | 0 | 4 | |a 711.5 |b MIN |2 21 |
| 110 | 2 | |a Ministerio de Vivienda y Urbanismo |e author |9 528972 | |
| 245 | 1 | 0 | |a Concurso de proyectos sobre el entorno urbano del Congreso Nacional y renovación del sector El Almendral de Valparaíso: bases administrativas y técnicas, anexos |
| 300 | |a 2 v | ||
| 651 | 0 | |a Valparaíso, Chile |9 261144 | |
| 942 | |c BK | ||
| 945 | |d 20080425 00:00:00 |a cmena | ||
| 260 | |a Valparaíso |b MINVU |c 1988 | ||
| 600 | 0 | |a Congreso Nacional de Chile |9 256491 | |
| 650 | 0 | |a Planificación urbana |9 258176 | |
| 650 | 0 | |a Ciudades |9 265474 | |
| 650 | 0 | |a Política gubernamental |9 262286 | |
| 650 | 7 | |a DESARROLLO URBANO |2 CL-VaPUC |9 528973 | |
| 650 | 0 | |a Renovación urbana |9 256385 | |
| 583 | |a last modification |c 20130925 07:57:03 |k Rodrigo Vera | ||
| 999 | |c 329770 |d 329768 | ||
| 952 | |0 0 |1 0 |4 0 |6 711_500000000000000_MIN_1988 |7 0 |8 R |9 414836 |a BIBARQ |b BIBARQ |d 2019-11-22 |h v.1 |i 3840409 |o 711.5 MIN 1988 |p 3840409 |r 2025-01-20 |w 2019-11-22 |y BK_R |k ARQ | ||
| 952 | |0 0 |1 0 |4 0 |6 711_500000000000000_MIN_1988 |7 0 |8 R |9 414837 |a BIBARQ |b BIBARQ |d 2019-11-22 |h v.2 |i 4003802 |o 711.5 MIN 1988 |p 4003802 |r 2025-01-20 |w 2019-11-22 |y BK_R |k ARQ | ||